000 00559nam a2200217 a 4500
001 0001-1982
003 ELIB.Books
008 190128 2010 eng
020 _a0805434119
092 _a268.635 For
_bFor
100 _aFord, LeRoy.
245 _aTools for Teaching and Training
260 _aNashville
_bBroadman Press
_c1961
300 _a64
_c20.6 cm
650 _aTeaching Method
856 _nKBTS Library
_uKBTS Elib
942 _2ddc
_cBK
990 _a2
998 _aEnglishbooks.elf
_ccat
_e2019-01-28
999 _c11982
_d11982